[Event "Kazan City-ch"]
[Site "Kazan"]
[Date "2007.11.27"]
[Round "3"]
[White "Gabdrakhmanov, Rafail"]
[Black "Pushkin, Eduard"]
[Result "1-0"]
[WhiteElo "2401"]
[BlackElo "2180"]
[PlyCount "85"]
[EventDate "2007.11.24"]
[EventType "swiss"]
[EventRounds "11"]
[EventCountry "RUS"]
[SourceTitle "EXT 2009"]
[Source "ChessBase"]
[SourceDate "2008.11.26"]
[SourceVersion "1"]
[SourceVersionDate "2008.11.26"]
[SourceQuality "1"]

1. d4 Nf6 2. c4 c5 3. d5 e5 4. Nc3 d6 5. e4 Be7 6. Be2 0-0 7. Nf3 Ne8 8. 0-0 Nd7 9. Ne1 Bg5 10. Nd3 Bxc1 11. Qxc1 Nb6 12. b3 f5 13. f4 fxe4 14. Nxe4 Bf5 15. fxe5 Bxe4 16. Rxf8+ Kxf8 17. Qf4+ Nf6 18. exf6 Bg6 19. Rf1 gxf6 20. Qxf6+ Qxf6 21. Rxf6+ Ke7 22. Re6+ Kd7 23. Nf4 Re8 24. Bg4 Rxe6 25. Bxe6+ Ke7 26. Nxg6+ hxg6 27. h4 Na8 28. Bc8 b6 29. Bb7 Nc7 30. Bc6 a6 31. g4 b5 32. Kf2 bxc4 33. bxc4 Kf6 34. Kf3 a5 35. Kf4 Na6 36. a3 Nc7 37. g5+ Kf7 38. Ke3 Ne8 39. Bxe8+ Kxe8 40. Kf4 a4 41. Kg4 Kf7 42. h5 Kg7 43. hxg6 1-0